00303cam a22000977a 4500008004000000082001400040100001900054245006800073260005300141300001100194180718b1981 xxu||||| |||| 00| 0 eng d aA75 R137S aGupta, Savitri aRajasthan district gazetteers: Sawai Madhopurcby Savitri Gupta aJaipurbDirectorate of District Gazetteersc1981 a601+p.